MARC details
| 000 -LEADER |
| fixed length control field |
01378cam a2200349 i 4500 |
| 001 - CONTROL NUMBER |
| control field |
200448291 |
| 003 - CONTROL NUMBER IDENTIFIER |
| control field |
TR-AnTOB |
| 005 - DATE AND TIME OF LATEST TRANSACTION |
| control field |
20240810073812.0 |
| 008 - FIXED-LENGTH DATA ELEMENTS--GENERAL INFORMATION |
| fixed length control field |
220328b1990 tu 000 0 tur d |
| 020 ## - INTERNATIONAL STANDARD BOOK NUMBER |
| International Standard Book Number |
9751902959 |
| 040 ## - CATALOGING SOURCE |
| Original cataloging agency |
TR-AnTOB |
| Language of cataloging |
eng |
| Description conventions |
rda |
| Transcribing agency |
TR-AnTOB |
| 041 0# - LANGUAGE CODE |
| Language code of text/sound track or separate title |
Türkçe |
| 050 14 - LIBRARY OF CONGRESS CALL NUMBER |
| Classification number |
HD5061.93 |
| Item number |
.C35 1990 |
| 090 ## - LOCALLY ASSIGNED LC-TYPE CALL NUMBER (OCLC); LOCAL CALL NUMBER (RLIN) |
| Classification number (OCLC) (R) ; Classification number, CALL (RLIN) (NR) |
TOBBK HD5061.93 .C35 1990 |
| 245 00 - TITLE STATEMENT |
| Title |
Çalışma hayatı ve sosyal güvenlik konularında veri tabanının oluşturulması : |
| Remainder of title |
kaynak ve yöntemler / |
| Statement of responsibility, etc. |
Devlet Planlama Teşkilatı. |
| 264 #1 - PRODUCTION, PUBLICATION, DISTRIBUTION, MANUFACTURE, AND COPYRIGHT NOTICE |
| Place of production, publication, distribution, manufacture |
Ankara : |
| Name of producer, publisher, distributor, manufacturer |
Devlet Planlama Teşkilatı, |
| Date of production, publication, distribution, manufacture, or copyright notice |
1990. |
| 300 ## - PHYSICAL DESCRIPTION |
| Extent |
44 pages ; |
| Dimensions |
23 cm |
| 336 ## - CONTENT TYPE |
| Content type term |
text |
| Content type code |
txt |
| Source |
rdacontent |
| 337 ## - MEDIA TYPE |
| Media type term |
unmediated |
| Media type code |
n |
| Source |
rdamedia |
| 338 ## - CARRIER TYPE |
| Carrier type term |
volume |
| Carrier type code |
nc |
| Source |
rdacarrier |
| 505 ## - FORMATTED CONTENTS NOTE |
| Formatted contents note |
Endüstriyel ilişkiler ; Asgari ücret ; Kamu kesimi işçi ücreti ; Özel kesim işçi ücreti ; Devlet memur maaşları ; Ücretliler üzerindeki vergi yükü ; Verimlilik endeksi ; Gelir dağılımı ; Sosyal güvenlik. |
| 590 ## - LOCAL NOTE (RLIN) |
| Local note |
Gift of Mustafa Altıntaş |
| 650 #0 - SUBJECT ADDED ENTRY--TOPICAL TERM |
| Topical term or geographic name entry element |
Wages |
| Geographic subdivision |
Turkey |
| 9 (RLIN) |
123029 |
|
| Topical term or geographic name entry element |
Social security |
| Geographic subdivision |
Turkey |
| 9 (RLIN) |
20415 |
|
| Topical term or geographic name entry element |
Ücretler |
| Geographic subdivision |
Türkiye |
| Source of heading or term |
etuturkob |
| 9 (RLIN) |
103645 |
|
| Topical term or geographic name entry element |
Türkiye |
| General subdivision |
Kamu işçileri |
|
| Topical term or geographic name entry element |
Sosyal güvenlik |
| Geographic subdivision |
Türkiye |
| 710 2# - ADDED ENTRY--CORPORATE NAME |
| Corporate name or jurisdiction name as entry element |
Devlet Planlama Teşkilatı (Türkiye) |
| 9 (RLIN) |
34114 |
| 942 ## - ADDED ENTRY ELEMENTS (KOHA) |
| Source of classification or shelving scheme |
Other/Generic Classification Scheme |
| Koha item type |
Book |